Movies Franchises By Subtitles Quiz Stats

 Plays Quiz Updated Sep 25, 2013

Support Sporcle.
Go Orange.
Score 0/24 Timer 03:00
5 Plays Today
% Correct
Lord of the Rings
96%
Pirates of the Caribbean
95.4%
The Chronicles of Narnia
95.4%
Alvin and the Chipmunks
95.1%
The Twilight Saga
95%
Star Wars
93.7%
Star Trek
93.4%
Ace Ventura
92.9%
Austin Powers
92.8%
Ice Age
92.5%
Madagascar
91.4%
Terminator
84.7%
% Correct
X-Men
80.5%
Transformers
76.3%
Police Academy
76.2%
A Nightmare on Elm Street
75.9%
Friday the 13th
74.6%
Hellraiser
71.8%
Halloween
71.8%
Spy Kids
71.1%
Resident Evil
68.5%
Underworld
67.3%
The Naked Gun
57%
Leprechaun
49.8%

You're not logged in!

Compare scores with friends on all Sporcle quizzes.
OR
Log In

From the Vault

In Plain English: Hamlet

by druhutch

To click or not to click...
Remove Ads.
Support Sporcle.
Get the best of Sporcle when you Go Orange. This ad-free experience offers more features, more stats, and more fun while also helping to support Sporcle. Thank you for becoming a member.

Show Comments

Extras

Top Quizzes Today


Score Distribution

Your Account Isn't Verified!

In order to create a playlist on Sporcle, you need to verify the email address you used during registration. Go to your Sporcle Settings to finish the process.

Report this User

Report this user for behavior that violates our Community Guidelines.

Details: